00503 a2200145 4500001000900000005001700009008004100026245010300067100002300170700003100193700002700224700003300251773005600284999001700340ART_656420260410161826.0260409a 10aCaracterísticas del consumo de productos pesqueros de los residentes y turistas de Mar del Plata1 aErrazti, Elizabeth1 aBertolotti, María Isabel1 aPagani, Andrea Noemí1 aGualdoni, Patricia Alejandra0 tFACESg- Año 10, Nº 20 (may./ago. 2004)wREV5046 c22783d22783